| 000 | 00867cam a22002771 4500 | ||
|---|---|---|---|
| 001 | 17208 | ||
| 003 | BD-RjUL | ||
| 005 | 20211209000115.0 | ||
| 008 | 140216s1962 nyu 000 1 eng | ||
| 035 | _a(BD-RjUL)17265 | ||
| 040 |
_aDLC _cDLC _dBD-RjUL _beng |
||
| 041 | _aeng | ||
| 082 |
_a813 _bMCS 1962 |
||
| 100 | 1 |
_aMcKenna, Richard. _953061 |
|
| 245 | 1 | 4 |
_aThe Sand Pebbles, _ba novel. _cRichard McKenna. |
| 260 |
_aNew York, _bHarper & Row _cc1962 |
||
| 300 |
_a597 p. : _c22 cm. |
||
| 650 | 0 |
_aAmericans _zChina _xFiction. _953062 |
|
| 651 | 0 |
_aUnited States _xHistory, Naval _y20th century _xFiction. _953063 |
|
| 651 | 0 |
_aChina _xHistory _y1912-1937 _xFiction. _953064 |
|
| 651 | 0 |
_aYangtze River (China) _xFiction. _953065 |
|
| 655 | 7 |
_aHistorical fiction. _2gsafd _953067 |
|
| 942 |
_2ddc _cBK |
||
| 999 |
_c17208 _d17208 |
||